大学 学生数ランキングTOP100 - Statistics

General Stats
  • This quiz has been taken 29 times
  • The average score is 61 of 100
Answer Stats
順位 大学名 学部生数 % Correct
1 日本大学 74655
100%
2 早稲田大学 39172
100%
5 明治大学 33358
100%
9 慶應義塾大学 28846
100%
11 同志社大学 27050
100%
12 中央大学 26371
100%
24 大阪大学 15111
100%
35 九州大学 11687
100%
40 北海道大学 11365
100%
47 東北大学 10733
100%
60 名古屋大学 9524
100%
4 立命館大学 34881
96%
7 法政大学 29779
96%
10 関西大学 28492
96%
13 関西学院大学 24784
96%
26 東京大学 14074
96%
29 京都大学 12721
96%
16 青山学院大学 20051
92%
17 立教大学 19990
92%
38 神戸大学 11543
92%
48 広島大学 10730
92%
79 金沢大学 8216
92%
50 千葉大学 10450
88%
58 筑波大学 9573
88%
3 近畿大学 35875
85%
19 神奈川大学 19509
85%
25 駒澤大学 14676
85%
76 静岡大学 8465
85%
18 福岡大学 19637
81%
53 岡山大学 10246
81%
93 横浜国立大学 7409
81%
6 東洋大学 31311
77%
14 帝京大学 23240
77%
55 新潟大学 9980
77%
71 鹿児島大学 8617
77%
91 長崎大学 7519
77%
99 埼玉大学 6931
77%
8 東海大学 29252
73%
20 専修大学 17967
73%
22 京都産業大学 15894
73%
69 信州大学 8910
73%
81 愛媛大学 8109
73%
84 富山大学 7947
73%
96 熊本大学 7159
73%
15 龍谷大学 21468
69%
21 東京理科大学 17267
69%
67 学習院大学 9054
69%
32 上智大学 12419
65%
33 大阪公立大学 12126
65%
34 大東文化大学 12020
65%
42 國學院大學 11233
65%
54 帝京平成大学 10191
65%
68 甲南大学 8955
65%
97 琉球大学 7038
65%
98 東京都立大学 6935
65%
74 山口大学 8541
62%
30 明治学院大学 12598
58%
87 成蹊大学 7703
58%
94 山形大学 7350
58%
31 国士舘大学 12577
54%
56 南山大学 9884
54%
72 獨協大学 8600
54%
86 日本体育大学 7837
54%
23 名城大学 15210
50%
37 関東学院大学 11555
50%
73 明星大学 8582
50%
77 西南学院大学 8457
50%
28 東京農業大学 12945
46%
62 愛知大学 9439
42%
63 拓殖大学 9397
42%
95 東京国際大学 7244
42%
27 中京大学 13787
38%
45 武蔵野大学 10867
38%
59 千葉工業大学 9560
38%
82 順天堂大学 8100
38%
85 芝浦工業大学 7939
38%
36 東北学院大学 11570
35%
46 摂南大学 10824
35%
64 追手門学院大学 9359
35%
80 桃山学院大学 8116
35%
39 桜美林大学 11388
27%
44 神戸学院大学 11095
27%
57 武庫川女子大学 9635
27%
75 北里大学 8466
27%
78 北海学園大学 8291
27%
41 愛知学院大学 11250
23%
70 文教大学 8713
23%
83 大阪経済大学 8089
23%
90 大阪工業大学 7539
23%
92 東京都市大学 7506
23%
49 関西外国語大学 10606
19%
65 東京電機大学 9347
19%
89 東京工科大学 7592
15%
43 中部大学 11230
12%
51 立正大学 10431
12%
88 常葉大学 7599
12%
100 大阪産業大学 6850
12%
52 九州産業大学 10418
8%
61 国際医療福祉大学 9480
8%
66 愛知淑徳大学 9081
8%
No matching quizzes found
Score Distribution
Percent of People with Each Score
Percentile by Number Answered
Your Score History
You have not taken this quiz